| 000 | 00801nam a2200241 4500 | ||
|---|---|---|---|
| 003 | OSt | ||
| 005 | 20260530113856.0 | ||
| 008 | 260505b |||||||| |||| 00| 0 eng d | ||
| 040 |
_aICI _bspa _cICI |
||
| 050 |
_aNA9031 _bB44 |
||
| 100 | 1 |
_aBeekmans, Jeroen, _eautor _931781 |
|
| 245 | 1 | 0 |
_aPOP - UP CITY : _bcity-making in a fluid world / _cJeroen Beekmans, Joop de Boer |
| 264 | 1 |
_bBIS Publishers _c2014 |
|
| 300 |
_a269 páginas : _bilustraciones (principalmente a color), mapas a color |
||
| 336 |
_atexto _2rdacontent |
||
| 337 |
_asin medio _2rdamedia |
||
| 338 |
_avolumen _2rdacarrier |
||
| 650 | 4 |
_aUrbanismo _xHistoria _ySiglo XXI _931782 |
|
| 650 | 4 |
_aEdificios portátiles _931783 |
|
| 650 | 4 |
_aArquitectura pública _931784 |
|
| 700 | 1 |
_aBoer, Joop de, _eautor _931785 |
|
| 942 |
_2lcc _cBK _n1 |
||
| 999 |
_c11637 _d11637 |
||